[Event "Amager Skakforening Klubmesterskab 2006"]
[Site "Sundbyoster"]
[Date "2006.01.10"]
[Round "1"]
[White "Gade, Jens"]
[Black "Pedersen, Kenneth Ankjaer"]
[Result "0-1"]
[WhiteElo "1462"]
[BlackElo "1669"]
[PlyCount "72"]
[EventDate "2006.??.??"]

1. d4 Nf6 2. c4 Nc6 3. e3 e5 4. dxe5 Nxe5 5. Nf3 Bb4+ 6. Nbd2 d6 7. a3 Bxd2+ 8.
Bxd2 Bg4 9. Qa4+ Bd7 10. Qd1 Bc6 11. Nd4 Be4 12. Qb3 O-O 13. f3 Bg6 14. e4 Re8
15. Bg5 h6 16. Bh4 Ned7 17. Bd3 Nc5 18. Qc2 Nxd3+ 19. Qxd3 c5 20. Ne2 Qa5+ 21.
Kf2 Nxe4+ 22. fxe4 Rxe4 23. Qxd6 Rxh4 24. b4 cxb4 25. c5 Rd8 26. Qg3 Qxc5+ 27.
Qe3 Qxe3+ 28. Kxe3 Rd3+ 29. Kf2 Rxa3 30. Rac1 Ra2 31. Kg3 Re4 32. Rc8+ Kh7 33.
Nc1 Ra3+ 34. Kf2 Rf4+ 35. Ke2 Bh5+ 36. Ke1 b3 0-1

[Event "Amager Skakforening Klubmesterskab 2006"]
[Site "Sundbyoster"]
[Date "2006.01.10"]
[Round "1"]
[White "Henriksen, Carsten W"]
[Black "Svensson, John Michael"]
[Result "1-0"]
[WhiteElo "1640"]
[BlackElo "1392"]
[PlyCount "87"]
[EventDate "2006.??.??"]

1. e4 d6 2. Nc3 Nf6 3. Nf3 e5 4. d3 Be7 5. Be2 Nbd7 6. h3 Nf8 7. Be3 Ng6 8. Qd2
Bd7 9. g4 Bc6 10. g5 Nh5 11. Nxe5 Nxe5 12. Bxh5 Bd7 13. f4 Nc6 14. Nd5 Bf8 15.
Qc3 Be6 16. O-O-O Bxd5 17. exd5 Ne7 18. Rde1 Rg8 19. Bd4 g6 20. Bg4 h5 21. gxh6
Bxh6 22. Bf6 Bxf4+ 23. Kb1 Be5 24. Bxe5 dxe5 25. Rxe5 f5 26. Bf3 Qd7 27. Rhe1
Rg7 28. Qb4 Qd6 29. Qxb7 Rd8 30. Qxa7 Kf8 31. Qe3 Re8 32. Qg5 Rf7 33. Re6 Qd7
34. h4 Rg7 35. Qf6+ Kg8 36. d6 cxd6 37. Rxd6 Qa7 38. Rde6 Rf7 39. Qg5 Rg7 40.
Bc6 Nxc6 41. Rxe8+ Kh7 42. h5 Qf7 43. hxg6+ Rxg6 44. Qh5+ 1-0

[Event "Amager Skakforening Klubmesterskab 2006"]
[Site "Sundbyoster"]
[Date "2006.01.10"]
[Round "1"]
[White "Kokholm, Daniel"]
[Black "Lunding, Peter M"]
[Result "1/2-1/2"]
[WhiteElo "1781"]
[BlackElo "1927"]
[PlyCount "31"]
[EventDate "2006.??.??"]

1. e4 e6 2. d4 d5 3. e5 c5 4. c3 Bd7 5. Nf3 Qb6 6. Bd3 Bb5 7. O-O Ne7 8. dxc5
Qa6 9. Bxb5+ Qxb5 10. Na3 Qxc5 11. Be3 Qa5 12. Qb3 Nd7 13. Qb5 Qc7 14. Qa4 Nf5
15. Nb5 Qc6 16. Nfd4 1/2-1/2

[Event "Amager Skakforening Klubmesterskab 2006"]
[Site "Sundbyoster"]
[Date "2006.01.10"]
[Round "1"]
[White "Nielsen, John Holm"]
[Black "Larsen, Ulrik Jejlskov"]
[Result "1-0"]
[WhiteElo "1992"]
[BlackElo "1692"]
[PlyCount "125"]
[EventDate "2006.??.??"]

1. Nc3 d5 2. e4 dxe4 3. Nxe4 Qd5 4. Qf3 Qf5 5. Bc4 Nc6 6. Ng3 Nd4 7. Qc3 Qe5+
8. N1e2 c5 9. Bb5+ Bd7 10. Bxd7+ Kxd7 11. d3 Nf6 12. Be3 Rc8 13. Nxd4 cxd4 14.
Qxd4+ Qxd4 15. Bxd4 Rxc2 16. Kd1 Rc6 17. Bxa7 e6 18. Rc1 Rxc1+ 19. Kxc1 Bd6 20.
Kb1 Nd5 21. Bd4 f6 22. Ne2 Nb4 23. Rd1 e5 24. Bc3 Ra8 25. a3 Nd5 26. Be1 Ra4
27. Nc3 Nxc3+ 28. Bxc3 Bc5 29. f3 Bd4 30. Kc2 Kc6 31. Kb3 b5 32. Bb4 Ra7 33.
Rc1+ Kb6 34. Rc8 Rd7 35. Bc3 Bg1 36. Kb4 Rxd3 37. Rb8+ Kc6 38. Rxb5 Bxh2 39. a4
Bg1 40. Kc4 Rd1 41. a5 Ra1 42. Rb8 Bd4 43. Bxd4 exd4 44. b4 Kc7 45. Re8 Rb1 46.
Re7+ Kd6 47. Rxg7 d3 48. Kxd3 Rxb4 49. Rxh7 Ra4 50. Rh5 Ke6 51. Rb5 Ra2 52. g4
Ra3+ 53. Ke4 Ra4+ 54. Ke3 Ra3+ 55. Kf4 Ra4+ 56. Kg3 Ra3 57. Rb6+ Ke5 58. Rb5+
Ke6 59. Rf5 Ke7 60. g5 fxg5 61. Rxg5 Kf6 62. Rb5 Kg6 63. Kg4 1-0

[Event "Amager Skakforening Klubmesterskab 2006"]
[Site "Sundbyoster"]
[Date "2006.01.10"]
[Round "1"]
[White "Nielsen, Thomas (1975)"]
[Black "Hartsteen, Mark Strange"]
[Result "1/2-1/2"]
[WhiteElo "1832"]
[BlackElo "1647"]
[PlyCount "62"]
[EventDate "2006.??.??"]

1. d4 Nf6 2. c4 g6 3. Nc3 Bg7 4. e4 d6 5. f3 O-O 6. Be3 e5 7. d5 Ne8 8. Bd3 f5
9. exf5 Bxf5 10. Bxf5 gxf5 11. Nh3 Qh4+ 12. Bf2 Qxc4 13. Ng5 Na6 14. Ne6 Rf6
15. a3 c6 16. Nxg7 Nxg7 17. dxc6 bxc6 18. Rc1 Nc5 19. Bxc5 Qxc5 20. Qb3+ d5 21.
Ne2 Qa5+ 22. Kf1 Qb6 23. Qc3 Re6 24. g3 Rb8 25. b4 Qb5 26. Kf2 d4 27. Qd2 Rf8
28. Rc5 Qb6 29. Kg2 Rd8 30. Rhc1 e4 31. fxe4 fxe4 1/2-1/2

[Event "Amager Skakforening Klubmesterskab 2006"]
[Site "Sundbyoster"]
[Date "2006.01.10"]
[Round "1"]
[White "Pedersen, Claus"]
[Black "Moller, Arne Vagn"]
[Result "0-1"]
[WhiteElo "1170"]
[BlackElo "1680"]
[PlyCount "50"]
[EventDate "2006.??.??"]

1. e4 c5 2. c3 d6 3. d4 cxd4 4. cxd4 Nf6 5. Qd3 g6 6. b3 Bg7 7. Bb2 O-O 8. Ne2
e6 9. g3 b6 10. Bg2 Ba6 11. Qf3 Bb7 12. Nd2 Ne8 13. O-O Na6 14. Rac1 Qg5 15.
Rfd1 f5 16. Qf4 Qe7 17. e5 d5 18. Rc2 g5 19. Qe3 Nb4 20. Rcc1 Nxa2 21. Ra1 Nb4
22. Rdc1 f4 23. gxf4 gxf4 24. Nxf4 Bh6 25. Qg3+ Kh8 0-1

[Event "Amager Skakforening Klubmesterskab 2006"]
[Site "Sundbyoster"]
[Date "2006.01.24"]
[Round "2"]
[White "Hartsteen, Mark Strange"]
[Black "Nielsen, Jens Holm"]
[Result "1-0"]
[WhiteElo "1647"]
[BlackElo "1893"]
[PlyCount "75"]
[EventDate "2006.??.??"]

1. c4 e5 2. d3 Be7 3. Nf3 d6 4. g3 f5 5. Nc3 c6 6. Bg2 Nf6 7. O-O O-O 8. Bd2 a5
9. a3 Na6 10. Rb1 e4 11. Nd4 d5 12. cxd5 cxd5 13. dxe4 fxe4 14. Qb3 Kh8 15.
Rfd1 Bc5 16. Bg5 Nc7 17. e3 h6 18. Bf4 Bxd4 19. Rxd4 Ne6 20. Rd2 Nc5 21. Qb5
Nd3 22. Bf1 Nxf4 23. exf4 d4 24. Qc4 Bf5 25. Rxd4 Qe8 26. Re1 Qg6 27. Bg2 Rad8
28. Nxe4 Rxd4 29. Qxd4 Re8 30. f3 Nh5 31. Rd1 Rc8 32. Nd6 Rd8 33. Nf7+ Qxf7 34.
Qxd8+ Kh7 35. g4 Nxf4 36. gxf5 Qxf5 37. Qe7 Qc2 38. Qe4+ 1-0

[Event "Amager Skakforening Klubmesterskab 2006"]
[Site "Sundbyoster"]
[Date "2006.01.24"]
[Round "2"]
[White "Larsen, Ulrik Jejlskov"]
[Black "Kokholm, Daniel"]
[Result "1/2-1/2"]
[WhiteElo "1692"]
[BlackElo "1781"]
[PlyCount "24"]
[EventDate "2006.??.??"]

1. d4 Nf6 2. e3 d6 3. Bd3 g6 4. Nf3 Bg7 5. Nbd2 O-O 6. O-O Nbd7 7. e4 c6 8. Qe2
e5 9. dxe5 dxe5 10. b3 Qc7 11. Bb2 Ne8 12. a4 a5 1/2-1/2

[Event "Amager Skakforening Klubmesterskab 2006"]
[Site "Sundbyoster"]
[Date "2006.01.24"]
[Round "2"]
[White "Lunding, Peter M"]
[Black "Nielsen, Thomas (1975)"]
[Result "1/2-1/2"]
[WhiteElo "1927"]
[BlackElo "1832"]
[PlyCount "60"]
[EventDate "2006.??.??"]

1. d4 Nf6 2. c4 e6 3. Nf3 b6 4. Nc3 Bb7 5. e3 c5 6. d5 exd5 7. cxd5 d6 8. e4
Nbd7 9. Bb5 a6 10. Bc6 Bxc6 11. dxc6 Ne5 12. Nxe5 dxe5 13. Qxd8+ Rxd8 14. Bg5
Rc8 15. Bxf6 gxf6 16. O-O-O Rxc6 17. Rd3 c4 18. Rd5 Bc5 19. Rhd1 O-O 20. f3 Kg7
21. Rd7 b5 22. Ne2 Rfc8 23. Kc2 R6c7 24. Rd8 Bf2 25. R8d6 Rc6 26. Rd7 Kg6 27.
Rf1 Bc5 28. Rfd1 Bf2 29. Rf1 Bc5 30. Rfd1 Bf2 1/2-1/2

[Event "Amager Skakforening Klubmesterskab 2006"]
[Site "Sundbyoster"]
[Date "2006.01.24"]
[Round "2"]
[White "Moller, Arne Vagn"]
[Black "Henriksen, Carsten W"]
[Result "1/2-1/2"]
[WhiteElo "1680"]
[BlackElo "1640"]
[PlyCount "115"]
[EventDate "2006.??.??"]

1. e4 c5 2. b3 d6 3. Bb2 e6 4. Nf3 Nf6 5. d3 Be7 6. Be2 O-O 7. O-O Nc6 8. Nbd2
d5 9. exd5 exd5 10. d4 h6 11. dxc5 Bxc5 12. a3 Be6 13. b4 Be7 14. Nb3 a6 15.
Nfd4 Nxd4 16. Bxd4 Qc7 17. Bd3 Ng4 18. f4 Bf6 19. Bxf6 Nxf6 20. f5 Bd7 21. Qf3
Rac8 22. Kh1 Qd6 23. Nc5 Bc6 24. Qf4 Qxf4 25. Rxf4 Nd7 26. Nxd7 Bxd7 27. Rd4
Bc6 28. Kg1 b5 29. g4 Rfe8 30. Kf2 Re5 31. Re1 f6 32. Rg1 Rce8 33. h4 Bd7 34.
Rf4 R8e7 35. g5 hxg5 36. hxg5 fxg5 37. Rxg5 Rf7 38. Kf3 Rf6 39. Rfg4 Re7 40.
Kf4 Be8 41. Rg3 Rc6 42. Re3 Rxe3 43. Kxe3 Kf7 44. Kd4 Kf6 45. Rg1 Bf7 46. Rg2
Rc8 47. Re2 Rc6 48. c3 Rc8 49. a4 bxa4 50. Ra2 Be8 51. Bxa6 Rc7 52. Bd3 Ra7 53.
Ra3 Rc7 54. b5 Rb7 55. Kc5 Ke5 56. Kb4 Bxb5 57. Bxb5 Kxf5 58. Kc5 1/2-1/2

[Event "Amager Skakforening Klubmesterskab 2006"]
[Site "Sundbyoster"]
[Date "2006.01.24"]
[Round "2"]
[White "Pedersen, Kenneth Ankjaer"]
[Black "Nielsen, John Holm"]
[Result "1/2-1/2"]
[WhiteElo "1669"]
[BlackElo "1992"]
[PlyCount "39"]
[EventDate "2006.??.??"]

1. e4 e5 2. Nf3 Nc6 3. d3 Nf6 4. g3 Bc5 5. Bg2 O-O 6. O-O d6 7. c3 Bg4 8. h3
Bh5 9. Nbd2 a6 10. Nc4 Qe7 11. Kh2 h6 12. Ne3 Bxe3 13. Bxe3 Rad8 14. Qc2 d5 15.
Rfd1 dxe4 16. dxe4 Qe6 17. b3 Bg6 18. Nh4 Bh7 19. Nf5 Rxd1 20. Rxd1 1/2-1/2

[Event "Amager Skakforening Klubmesterskab 2006"]
[Site "Sundbyoster"]
[Date "2006.01.24"]
[Round "2"]
[White "Svensson, John Michael"]
[Black "Gade, Jens"]
[Result "1-0"]
[WhiteElo "1392"]
[BlackElo "1462"]
[PlyCount "89"]
[EventDate "2006.??.??"]

1. Nc3 Nf6 2. e4 e5 3. Nf3 Nc6 4. Bc4 d5 5. exd5 Na5 6. Bb5+ c6 7. dxc6 bxc6 8.
Be2 e4 9. Ne5 Bc5 10. O-O O-O 11. Ng4 Re8 12. Ne3 Qc7 13. Re1 Bd6 14. Nf1 Bd7
15. d4 Rab8 16. a3 Nb7 17. Be3 Nd5 18. Nxd5 cxd5 19. Ng3 f5 20. Nf1 f4 21. Bc1
Re6 22. f3 Na5 23. b3 Rg6 24. fxe4 dxe4 25. Kh1 Re8 26. b4 Nc4 27. Bh5 Bf5 28.
Bxg6 hxg6 29. Qe2 Kf7 30. Qf2 Rh8 31. Ra2 g5 32. c3 g4 33. Kg1 g5 34. Rc2 e3
35. Bxe3 Bxc2 36. Qxc2 Kf6 37. Bf2 g3 38. hxg3 fxg3 39. Be3 Nxe3 40. Rxe3 Bf4
41. Re2 Qd7 42. Qe4 Rc8 43. Qd3 Rc7 44. d5 Qd6 45. Re6+ 1-0

[Event "Amager Skakforening Klubmesterskab 2006"]
[Site "Sundbyoster"]
[Date "2006.02.28"]
[Round "3"]
[White "Henriksen, Carsten W"]
[Black "Nielsen, John Holm"]
[Result "1-0"]
[WhiteElo "1640"]
[BlackElo "1992"]
[PlyCount "171"]
[EventDate "2006.??.??"]

1. e4 e5 2. Nf3 Nc6 3. Bc4 Bc5 4. c3 Nf6 5. d4 exd4 6. cxd4 Bb4+ 7. Nc3 Nxe4 8.
O-O Bxc3 9. bxc3 d5 10. Re1 O-O 11. Bd3 Re8 12. Qc2 Bf5 13. Bf4 Bg6 14. Rab1 b6
15. c4 Qf6 16. Be5 Nxe5 17. Nxe5 Qd6 18. Nxg6 hxg6 19. Bxe4 dxe4 20. Rxe4 f5
21. Rxe8+ Rxe8 22. Rd1 Re4 23. c5 Qxd4 24. cxb6 axb6 25. g3 Qe5 26. Qb3+ Kh7
27. a4 Qe6 28. Qc3 c5 29. Ra1 Qd5 30. Qc1 Re2 31. Rb1 Qd4 32. Qf1 Rb2 33. Rxb2
Qxb2 34. Qd1 c4 35. Qd8 Qf6 36. Qc7 c3 37. Qc4 g5 38. Qd3 Qe5 39. Qc2 g6 40.
Kf1 Qd4 41. Ke2 Kg7 42. Qd3 Qc5 43. Qe3 Qc4+ 44. Qd3 Qc6 45. Qb5 Qxb5+ 46. axb5
Kf6 47. Kd3 c2 48. Kxc2 Ke5 49. Kc3 Kd5 50. h4 g4 51. Kd3 Kc5 52. Ke3 Kxb5 53.
Kf4 Kc4 54. Kg5 b5 55. Kxg6 b4 56. h5 b3 57. h6 b2 58. h7 b1=Q 59. h8=Q Qe4 60.
Qc8+ Kd4 61. Qxf5 Qe8+ 62. Kg5 Qg8+ 63. Kh4 Qh8+ 64. Kxg4 Qg7+ 65. Kh3 Qh6+ 66.
Kg2 Qc6+ 67. Qf3 Qg6 68. Qe3+ Kd5 69. Qb3+ Kd4 70. Qe3+ Kd5 71. Qf4 Qc2 72. g4
Qb2 73. Qf5+ Kd6 74. g5 Qb7+ 75. f3 Qg7 76. Qf6+ Qxf6 77. gxf6 Ke6 78. Kg3 Kxf6
79. Kf4 Ke6 80. Kg5 Ke7 81. Kg6 Ke6 82. f4 Ke7 83. Kg7 Ke6 84. Kg6 Ke7 85. f5
Ke8 86. Kg7 1-0

[Event "Amager Skakforening Klubmesterskab 2006"]
[Site "Sundbyoster"]
[Date "2006.01.31"]
[Round "3"]
[White "Larsen, Ulrik Jejlskov"]
[Black "Pedersen, Claus"]
[Result "1-0"]
[WhiteElo "1692"]
[BlackElo "1170"]
[PlyCount "41"]
[EventDate "2006.??.??"]

1. d4 b6 2. Nf3 Bb7 3. Bf4 Nf6 4. h3 e6 5. e3 Be7 6. Nbd2 O-O 7. Bd3 c5 8. Qe2
cxd4 9. exd4 d6 10. O-O-O Nbd7 11. Rde1 Re8 12. Ng5 Nf8 13. f3 Nd5 14. Nxe6
Nxe6 15. Qe4 g6 16. Bh6 f5 17. Qxe6+ Kh8 18. Qf7 Rg8 19. Bc4 Qe8 20. Bxd5 Bxd5
21. Qxd5 1-0

[Event "Amager Skakforening Klubmesterskab 2006"]
[Site "Sundbyoster"]
[Date "2006.01.31"]
[Round "3"]
[White "Lunding, Peter M"]
[Black "Hartsteen, Mark Strange"]
[Result "1-0"]
[WhiteElo "1927"]
[BlackElo "1647"]
[PlyCount "99"]
[EventDate "2006.??.??"]

1. d4 Nf6 2. c4 g6 3. Nc3 Bg7 4. e4 d6 5. Be2 O-O 6. Bg5 h6 7. Be3 e5 8. dxe5
dxe5 9. Bc5 Re8 10. Qxd8 Rxd8 11. Nf3 Na6 12. Ba3 c6 13. O-O Be6 14. Rfd1 Nd7
15. Be7 Re8 16. Bd6 Rad8 17. Rab1 f5 18. Nh4 fxe4 19. Nxg6 Bf7 20. Ne7+ Kh7 21.
Nxe4 Nf6 22. Bd3 Kh8 23. Nxf6 Bxf6 24. Nf5 Bg6 25. Be4 c5 26. Ng3 Bf7 27. Bxb7
Bxc4 28. Rbc1 Bxa2 29. Ne4 Bb3 30. Rd3 c4 31. Rf3 Re6 32. Rxf6 Rxf6 33. Be7 Rf7
34. Bxd8 Rxb7 35. Bf6+ Kh7 36. Nd2 Nb4 37. Nxb3 cxb3 38. Rd1 Rc7 39. Bxe5 Rc2
40. Kf1 Kg6 41. Bc3 Na2 42. Rd6+ Kf5 43. Bg7 Nb4 44. f3 h5 45. h4 a5 46. Rf6+
Ke5 47. Ra6+ Kf4 48. Rxa5 Kg3 49. Be5+ Kxh4 50. Bf4 1-0

[Event "Amager Skakforening Klubmesterskab 2006"]
[Site "Sundbyoster"]
[Date "2006.01.31"]
[Round "3"]
[White "Moller, Arne Vagn"]
[Black "Pedersen, Kenneth Ankjaer"]
[Result "0-1"]
[WhiteElo "1680"]
[BlackElo "1669"]
[PlyCount "96"]
[EventDate "2006.??.??"]

1. e4 Nc6 2. Nf3 e5 3. Bb5 Nf6 4. O-O d6 5. d4 exd4 6. Nxd4 Bd7 7. Bg5 Be7 8.
Nxc6 Bxc6 9. Bxc6+ bxc6 10. Nc3 O-O 11. Qf3 Nd7 12. Bxe7 Qxe7 13. Rfe1 Ne5 14.
Qe2 Rab8 15. b3 Qf6 16. Rad1 Rfe8 17. Na4 Re6 18. Qd2 Qg6 19. Kh1 Rbe8 20. f4
Ng4 21. h3 Qh5 22. Kg1 Nf6 23. Qc3 Rxe4 24. g4 Rxe1+ 25. Rxe1 Rxe1+ 26. Qxe1
Qxh3 27. g5 Qg4+ 28. Kh1 Qf3+ 29. Kg1 Ne4 30. Nc3 Qg4+ 31. Kh1 Ng3+ 32. Kh2
Nf1+ 33. Qxf1 Qh4+ 34. Kg2 Qg4+ 35. Kh2 Qh4+ 36. Kg2 h5 37. Qf3 Qe1 38. Ne4 d5
39. Nf2 Qd2 40. Qxh5 Qxc2 41. Qg4 d4 42. Qc8+ Kh7 43. Qxc7 d3 44. Qxf7 d2 45.
g6+ Kh6 46. Qe8 d1=Q 47. Qh8+ Kxg6 48. Qe8+ Kh7 0-1

[Event "Amager Skakforening Klubmesterskab 2006"]
[Site "Sundbyoster"]
[Date "2006.01.31"]
[Round "3"]
[White "Nielsen, Jens Holm"]
[Black "Nielsen, Thomas (1975)"]
[Result "0-1"]
[WhiteElo "1893"]
[BlackElo "1832"]
[PlyCount "60"]
[EventDate "2006.??.??"]

1. e4 c5 2. c3 Nc6 3. f4 d5 4. d3 e5 5. exd5 Qxd5 6. Qf3 Nf6 7. Qxd5 Nxd5 8.
fxe5 Nxe5 9. d4 cxd4 10. Bb5+ Bd7 11. Bxd7+ Kxd7 12. Ne2 Nd3+ 13. Kd2 Nxc1 14.
Rxc1 dxc3+ 15. Nbxc3 Nxc3 16. Nxc3 Bd6 17. Rf1 f6 18. h3 Rhe8 19. Rad1 Kc6 20.
a3 Rad8 21. Kc2 Be5 22. Rxd8 Rxd8 23. b4 Rd4 24. Kb1 Rd3 25. Ne4 Rb3+ 26. Kc2
Rxa3 27. Rd1 Ra2+ 28. Kb3 Rb2+ 29. Ka3 Rxg2 30. b5+ Kxb5 0-1

[Event "Amager Skakforening Klubmesterskab 2006"]
[Site "Sundbyoster"]
[Date "2006.01.31"]
[Round "3"]
[White "Svensson, John Michael"]
[Black "Kokholm, Daniel"]
[Result "0-1"]
[WhiteElo "1392"]
[BlackElo "1781"]
[PlyCount "94"]
[EventDate "2006.??.??"]

1. Nf3 Nf6 2. Nc3 d6 3. e4 c5 4. Bc4 Nc6 5. h3 a6 6. b3 b5 7. Be2 b4 8. Nd5
Nxe4 9. O-O e6 10. Nf4 Be7 11. Bb2 Bf6 12. d4 cxd4 13. Nh5 e5 14. Bd3 Nc5 15.
Bc4 O-O 16. Nh2 d5 17. Nxf6+ gxf6 18. Be2 Ne6 19. Bc1 f5 20. Bh6 Re8 21. Qd3
Qf6 22. Bc1 Bb7 23. f4 e4 24. Qg3+ Kh8 25. Bb2 Rg8 26. Qf2 Rg7 27. Rfd1 Rag8
28. Bf1 e3 29. Qxe3 Rg3 30. Qd2 Rxh3 31. g4 Rg3+ 32. Bg2 Qh4 33. Qf2 h5 34. Rd3
Rxg2+ 35. Kxg2 Qxf2+ 36. Kxf2 hxg4 37. Kg3 Rg6 38. Rh1 Rh6 39. Rdd1 Rh3+ 40.
Kg2 Nxf4+ 41. Kf2 g3+ 42. Kf3 g2+ 43. Kxf4 gxh1=Q 44. Rxh1 Kh7 45. Kxf5 d3 46.
Kg4 Bc8+ 47. Kg5 d2 0-1

[Event "Amager Skakforening Klubmesterskab 2006"]
[Site "Sundbyoster"]
[Date "2006.02.14"]
[Round "4"]
[White "Gade, Jens"]
[Black "Pedersen, Claus"]
[Result "0-1"]
[WhiteElo "1462"]
[BlackElo "1170"]
[PlyCount "26"]
[EventDate "2006.??.??"]

1. f4 d5 2. Nf3 Bf5 3. e3 Nc6 4. Be2 Nf6 5. O-O e6 6. a3 Bd6 7. h3 Qe7 8. b4 e5
9. fxe5 Nxe5 10. Nxe5 Qxe5 11. d4 Qh2+ 12. Kf2 Bg3+ 13. Kf3 Be4# 0-1

[Event "Amager Skakforening Klubmesterskab 2006"]
[Site "Sundbyoster"]
[Date "2006.02.14"]
[Round "4"]
[White "Hartsteen, Mark Strange"]
[Black "Kokholm, Daniel"]
[Result "1/2-1/2"]
[WhiteElo "1647"]
[BlackElo "1781"]
[PlyCount "37"]
[EventDate "2006.??.??"]

1. c4 b6 2. Nf3 Bb7 3. g3 e6 4. Bg2 f5 5. O-O Nf6 6. Nc3 d6 7. d3 g6 8. Ng5
Bxg2 9. Nxe6 Qe7 10. Nb5 Bxf1 11. Nexc7+ Kd8 12. Qxf1 a6 13. Nxa8 axb5 14. Nxb6
Qb7 15. Be3 b4 16. Bd4 Be7 17. Nd5 Rf8 18. Nf4 Kd7 19. Qh3 1/2-1/2

[Event "Amager Skakforening Klubmesterskab 2006"]
[Site "Sundbyoster"]
[Date "2006.02.14"]
[Round "4"]
[White "Moller, Arne Vagn"]
[Black "Lunding, Peter M"]
[Result "1-0"]
[WhiteElo "1680"]
[BlackElo "1927"]
[PlyCount "75"]
[EventDate "2006.??.??"]

1. e4 e6 2. d4 d5 3. Nc3 Bb4 4. e5 Ne7 5. a3 Bxc3+ 6. bxc3 c5 7. Bb5+ Bd7 8.
Bxd7+ Nxd7 9. Ne2 Rc8 10. O-O Qc7 11. f4 cxd4 12. Nxd4 Qxc3 13. Rb1 Nf5 14.
Nxf5 exf5 15. Qxd5 Qc5+ 16. Qxc5 Nxc5 17. a4 Kd7 18. Rd1+ Kc7 19. Ba3 Nxa4 20.
Rd4 Nb6 21. Bd6+ Kc6 22. c4 a6 23. Ra1 Nd7 24. Rad1 b6 25. Be7 Nc5 26. Rd6+ Kb7
27. Bd8 Na4 28. Bxb6 Rxc4 29. Ba5 Nc3 30. Rb6+ Kc8 31. Bxc3 Rxc3 32. Rxa6 Kb7
33. Rda1 Rf8 34. Kf2 Rc6 35. Ra7+ Kb6 36. Rd7 Rc7 37. Rb1+ Kc6 38. Rd6+ 1-0

[Event "Amager Skakforening Klubmesterskab 2006"]
[Site "Sundbyoster"]
[Date "2006.02.14"]
[Round "4"]
[White "Nielsen, Thomas (1975)"]
[Black "Nielsen, John Holm"]
[Result "0-1"]
[WhiteElo "1832"]
[BlackElo "1992"]
[PlyCount "68"]
[EventDate "2006.??.??"]

1. c4 e5 2. Nc3 Nf6 3. g3 c6 4. Bg2 Bc5 5. e3 O-O 6. Nge2 d5 7. d4 exd4 8. exd4
Bb4 9. O-O dxc4 10. Bg5 h6 11. Bxf6 Qxf6 12. Ne4 Qe7 13. a3 Bf5 14. N2c3 Bxc3
15. Nxc3 Qd7 16. d5 cxd5 17. Nxd5 Nc6 18. Ne3 Bd3 19. Nxc4 Rad8 20. Bxc6 Qxc6
21. Ne5 Qb5 22. Nxd3 Rxd3 23. Qc2 Rb3 24. Rab1 Re8 25. Rfd1 a5 26. a4 Qxa4 27.
Rd3 Rb4 28. b3 Qb5 29. Rbd1 Rbe4 30. Rd8 Rxd8 31. Rxd8+ Re8 32. Qc4 Qe5 33. Rd7
Qf5 34. Rxb7 Qf3 0-1

[Event "Amager Skakforening Klubmesterskab 2006"]
[Site "Sundbyoster"]
[Date "2006.03.02"]
[Round "4"]
[White "Pedersen, Kenneth Ankjaer"]
[Black "Henriksen, Carsten W"]
[Result "1-0"]
[WhiteElo "1669"]
[BlackElo "1640"]
[PlyCount "89"]
[EventDate "2006.??.??"]

1. e4 c5 2. Nf3 d6 3. g3 Nf6 4. d3 Nc6 5. Bg2 e6 6. O-O Be7 7. c3 Qc7 8. Re1
O-O 9. Nbd2 Nd7 10. Nf1 d5 11. exd5 exd5 12. Ne3 Nf6 13. Qb3 Rd8 14. d4 c4 15.
Qc2 Bf8 16. Bd2 g6 17. Ne5 Bg7 18. f4 Ne7 19. b3 b5 20. bxc4 bxc4 21. N5xc4 Nf5
22. Ne5 Nxe3 23. Rxe3 Bf5 24. Qa4 Ne4 25. Be1 f6 26. Bxe4 dxe4 27. Qc4+ Qxc4
28. Nxc4 Be6 29. Nd2 f5 30. Nb3 Bxb3 31. axb3 Rxd4 32. Kf2 Rd7 33. Ra6 Rc8 34.
b4 Rcc7 35. Ke2 Kf7 36. Ra4 Ke6 37. b5 Rc5 38. c4 Rdc7 39. Ra6+ Kf7 40. Ba5 Rd7
41. Rc6 Rxc6 42. bxc6 Rd6 43. c7 Rc6 44. Rb3 Ke8 45. Rb8+ 1-0

[Event "Amager Skakforening Klubmesterskab 2006"]
[Site "Sundbyoster"]
[Date "2006.02.28"]
[Round "4"]
[White "Svensson, John Michael"]
[Black "Larsen, Ulrik Jejlskov"]
[Result "1-0"]
[WhiteElo "1392"]
[BlackElo "1692"]
[PlyCount "55"]
[EventDate "2006.??.??"]

1. Nc3 d5 2. d4 Bf5 3. Nf3 h6 4. g3 e6 5. Bg2 Nf6 6. O-O Nbd7 7. Bf4 Nh5 8. Bd2
a6 9. Nh4 Nhf6 10. Nxf5 exf5 11. Nxd5 Nxd5 12. Bxd5 c6 13. Bg2 Nf6 14. c3 Bd6
15. e4 fxe4 16. Re1 Kd7 17. Bxe4 Nxe4 18. Qg4+ Kc7 19. Rxe4 g6 20. Qe2 Qd7 21.
Re1 f5 22. Re6 g5 23. c4 c5 24. dxc5 Bxc5 25. Bc3 Rh7 26. Rd1 Qf7 27. Qe5+ Kc8
28. Re8+ 1-0

[Event "Amager Skakforening Klubmesterskab 2006"]
[Site "Sundbyoster"]
[Date "2006.02.21"]
[Round "5"]
[White "Hartsteen, Mark Strange"]
[Black "Gade, Jens"]
[Result "1-0"]
[WhiteElo "1647"]
[BlackElo "1462"]
[PlyCount "85"]
[EventDate "2006.??.??"]

1. c4 Nf6 2. Nf3 e6 3. g3 d5 4. cxd5 exd5 5. Bg2 c6 6. d3 Be7 7. O-O O-O 8. Bf4
Re8 9. Nc3 Na6 10. Qc2 Nc5 11. Rad1 Ne6 12. Bd2 Qc7 13. e4 dxe4 14. dxe4 Nd7
15. Be3 b6 16. Nd4 Ne5 17. Nxe6 Bxe6 18. Bf4 Bd6 19. Rd4 Rad8 20. Rfd1 f6 21.
Qd2 Be7 22. Qc2 Rxd4 23. Rxd4 Rd8 24. Nd5 Qb7 25. Nxe7+ Qxe7 26. Bxe5 fxe5 27.
Rxd8+ Qxd8 28. Qxc6 Bxa2 29. Qa4 Be6 30. Qxa7 Qd1+ 31. Bf1 Bh3 32. Qb8+ Kf7 33.
Qc7+ Kf6 34. Qxb6+ Kg5 35. Qe3+ Kh5 36. Qe2+ Qxe2 37. Bxe2+ Kg5 38. b4 Bc8 39.
Bb5 Bb7 40. f3 Kf6 41. Bc4 g5 42. Bd5 Bc8 43. b5 1-0

[Event "Amager Skakforening Klubmesterskab 2006"]
[Site "Sundbyoster"]
[Date "2006.02.21"]
[Round "5"]
[White "Larsen, Ulrik Jejlskov"]
[Black "Lunding, Peter M"]
[Result "0-1"]
[WhiteElo "1692"]
[BlackElo "1927"]
[PlyCount "27"]
[EventDate "2006.??.??"]

1. d4 d5 2. Nf3 Nf6 3. Bf4 c6 4. h3 Bf5 5. e3 e6 6. Nbd2 Nbd7 7. c3 Be7 8. Qb3
Qc8 9. Nh4 Be4 10. f3 Nh5 11. Nxe4 dxe4 12. g3 g5 13. fxe4 gxf4 14. exf4 0-1

[Event "Amager Skakforening Klubmesterskab 2006"]
[Site "Sundbyoster"]
[Date "2006.03.21"]
[Round "5"]
[White "Nielsen, John Holm"]
[Black "Moller, Arne Vagn"]
[Result "1-0"]
[WhiteElo "1992"]
[BlackElo "1680"]
[PlyCount "83"]
[EventDate "2006.??.??"]

1. Nc3 c5 2. Nf3 Nc6 3. d4 cxd4 4. Nxd4 d6 5. e4 a6 6. Be3 e6 7. Be2 Nf6 8. O-O
Be7 9. Kh1 Qc7 10. f4 Bd7 11. Bf3 O-O 12. Qe1 Nxd4 13. Bxd4 Qc4 14. Qf2 e5 15.
fxe5 dxe5 16. Bxe5 Bc6 17. Bd4 Qe6 18. Rae1 Rac8 19. Nd5 Bb5 20. Rg1 Rfe8 21.
b3 Nxd5 22. exd5 Qh6 23. c4 Bd7 24. c5 Bg5 25. d6 Bf4 26. g3 Bxd6 27. cxd6 Rxe1
28. Rxe1 Qxd6 29. Bxb7 Rd8 30. Bc5 Qc7 31. Bd5 Bc6 32. Bxc6 Qxc6+ 33. Kg1 h5
34. b4 h4 35. gxh4 Qg6+ 36. Qg2 Qh6 37. Be3 Qxh4 38. Rb1 Rd6 39. Bf2 Qh5 40.
Qa8+ Kh7 41. Qe4+ f5 42. Qh4 1-0

[Event "Amager Skakforening Klubmesterskab 2006"]
[Site "Sundbyoster"]
[Date "2006.03.21"]
[Round "5"]
[White "Nielsen, Thomas (1975)"]
[Black "Henriksen, Carsten W"]
[Result "1/2-1/2"]
[WhiteElo "1832"]
[BlackElo "1640"]
[PlyCount "67"]
[EventDate "2006.??.??"]

1. c4 c5 2. Nc3 Nc6 3. Nf3 Nf6 4. g3 e6 5. e4 d6 6. Bg2 Be7 7. O-O e5 8. h3 Be6
9. d3 O-O 10. Ng5 Nd7 11. Nxe6 fxe6 12. f4 Bf6 13. Qg4 Nd4 14. Nb5 Qe7 15. Nxd4
cxd4 16. f5 Nc5 17. Qe2 a5 18. Bd2 Rfb8 19. Bxa5 Rxa5 20. b4 Ra7 21. bxc5 dxc5
22. Rfb1 Qd6 23. h4 exf5 24. exf5 e4 25. Qxe4 Qxg3 26. Re1 b6 27. Qc6 h6 28. h5
Bg5 29. Re8+ Rxe8 30. Qxe8+ Kh7 31. Qg6+ Kg8 32. Qe8+ Kh7 33. Qg6+ Kg8 34. Qe8+
1/2-1/2